<?xml version="1.0" encoding="UTF-8"?>
<record
    xmlns:xsi="http://www.w3.org/2001/XMLSchema-instance"
    xsi:schemaLocation="http://www.loc.gov/MARC21/slim http://www.loc.gov/standards/marcxml/schema/MARC21slim.xsd"
    xmlns="http://www.loc.gov/MARC21/slim">

  <leader>02777cam a2200181   4500500</leader>
  <controlfield tag="005">20260426011746.0</controlfield>
  <datafield tag="041" ind1=" " ind2=" ">
    <subfield code="a">fre</subfield>
  </datafield>
  <datafield tag="042" ind1=" " ind2=" ">
    <subfield code="a">dc</subfield>
  </datafield>
  <datafield tag="100" ind1="1" ind2="0">
    <subfield code="a">Perego, Christine</subfield>
    <subfield code="e">author</subfield>
  </datafield>
  <datafield tag="245" ind1="0" ind2="0">
    <subfield code="a">Yann Forestier, Changer l&#x2019;&#xE9;cole ou la sauver. Une pol&#xE9;mique m&#xE9;diatique</subfield>
  </datafield>
  <datafield tag="260" ind1=" " ind2=" ">
    <subfield code="c">2026.
							</subfield>
  </datafield>
  <datafield tag="500" ind1=" " ind2=" ">
    <subfield code="a">31</subfield>
  </datafield>
  <datafield tag="520" ind1=" " ind2=" ">
    <subfield code="a">Cet article &#xE9;tudie le rapport ambigu des autorit&#xE9;s am&#xE9;ricaines &#xE0; la question du g&#xE9;nocide arm&#xE9;nien de&#xA0;1915&#xA0;&#x2013;&#xA0;qu&#x2019;elles n&#x2019;ont reconnu formellement qu&#x2019;en&#xA0;2019 pour le Congr&#xE8;s, et&#xA0;en&#xA0;2021 pour l&#x2019;ex&#xE9;cutif&#xA0;&#x2013;, en analysant les messages annuels (presidential statements) des pr&#xE9;sidents en comm&#xE9;moration du g&#xE9;nocide. Alors qu&#x2019;ils refusaient d&#x2019;utiliser le G&#xA0;Word pour &#xE9;voquer 1915 et bloquaient toute reconnaissance au Congr&#xE8;s, les pr&#xE9;sidents am&#xE9;ricains, tous bords politiques confondus, d&#xE9;cid&#xE8;rent d&#x2019;accompagner les Arm&#xE9;niens-Am&#xE9;ricains dans leurs comm&#xE9;morations annuelles du 24&#xA0;avril. Ils le firent en publiant, &#xE0; partir de&#xA0;1990, un message en m&#xE9;moire du g&#xE9;nocide&#x2026; mais sans utiliser le mot g&#xE9;nocide.</subfield>
  </datafield>
  <datafield tag="520" ind1=" " ind2=" ">
    <subfield code="a">&#x202A;This article examines the ambiguous relationship between the US federal authorities and the issue of the Armenian Genocide of 1915, which was note officially recognised until 2019 by Congress and 2021 by the executive branch. It does so by studying the presidents&#x2019; annual messages (presidential statements) commemorating the genocide. While refusing to use the G&#xA0;Word to refer to 1915 and blocking any recognition in Congress, American presidents of all political affiliations decided to join Armenian-Americans in their annual commemorations on April&#xA0;24. They did so by issuing, from 1990 onwards, a message in memory of the genocide... yet without using the word genocide.&#x202A;</subfield>
  </datafield>
  <datafield tag="520" ind1=" " ind2=" ">
    <subfield code="a">&#x202A;Este art&#xED;culo examina la ambigua relaci&#xF3;n entre las autoridades federales estadounidenses y la cuesti&#xF3;n del genocidio armenio de&#xA0;1915, que no reconocieron formalmente hasta 2019 en el caso del Congreso y 2021 en el caso del poder ejecutivo, mediante el estudio de los mensajes anuales de los presidentes (presidential statements) en conmemoraci&#xF3;n del genocidio. Aunque se negaban a utilizar la palabra &#xAB;genocidio&#xBB; para referirse a 1915 y bloqueaban cualquier reconocimiento en el Congreso, los presidentes estadounidenses de todas las afiliaciones pol&#xED;ticas decidieron acompa&#xF1;ar a los armenio-estadounidenses en sus conmemoraciones anuales el 24 de abril. Lo hicieron publicando, a partir de&#xA0;1990, un mensaje en memoria del genocidio... pero sin utilizar la palabra &#xAB;genocidio&#xBB;.&#x202A;</subfield>
  </datafield>
  <datafield tag="786" ind1="0" ind2=" ">
    <subfield code="n">Mots. Les langages du politique | 140 | 1 | 2026-04-17 | p. 131-133 | 0243-6450</subfield>
  </datafield>
  <datafield tag="856" ind1="4" ind2="1">
    <subfield code="u">https://shs.cairn.info/revue-mots-2026-1-page-131?lang=fr&amp;redirect-ssocas=7080</subfield>
  </datafield>
  <datafield tag="999" ind1=" " ind2=" ">
    <subfield code="c">2223505</subfield>
    <subfield code="d">2223505</subfield>
  </datafield>
</record>
